Az 1848. évi honvéd szakirodalom kezdetei

Elmentve itt :
Bibliográfiai részletek
Szerző: Kemény G. Gábor
Dokumentumtípus: Cikk
Megjelent: 1948
Sorozat:Honvéd : katonai folyóirat 3 No. 11-12
Kulcsszavak:Hadtudomány
Online Access:http://misc.bibl.u-szeged.hu/14439
LEADER 00581nab a2200169 i 4500
001 misc14439
005 20191106141803.0
008 170607s1948 hu o 0|| hun d
040 |a SZTE Miscellanea Repozitórium  |b hun 
041 |a hun 
100 2 |a Kemény G. Gábor 
245 1 3 |a Az 1848. évi honvéd szakirodalom kezdetei  |h [elektronikus dokumentum] /  |c  Kemény G. Gábor 
260 |c 1948 
300 |a 11-17 
490 0 |a Honvéd : katonai folyóirat  |v 3 No. 11-12 
695 |a Hadtudomány 
856 4 0 |u http://misc.bibl.u-szeged.hu/14439/1/honved_003_011_012_011-017.pdf  |z Dokumentum-elérés